{"text_format":"3","workbook":"xlsx","n_sheets":1,"sheets":["t120"],"read":"whole","date_system":"1900"}

{"sheet":"t120","index":0,"n_rows":190,"n_cols":7,"rows_kept":190,"merged":[[0,0,0,6],[30,0,30,5],[50,0,50,5],[151,0,151,5]]}
["TABELA 120.1 - Estatísticas Agrícolas, Município de Capivari, Estado de São Paulo, 2007/08."]
["ITEM","UNIDADE","N.DE UPAs","MÍNIMO","MÉDIO","MÁXIMO","TOTAL"]
["Distância à sede do município","km",534,0.3,{"v":8.93,"d":"8.9"},{"v":26,"d":"26.0"},"-"]
["Área total","hectare",534,0.1,{"v":46.21,"d":"46.2"},{"v":1435.5,"d":"1,435.5"},{"v":24678.8,"d":"24,678.8"}]
["Área com cultura perene","hectare",32,0.1,{"v":0.81,"d":"0.8"},{"v":5,"d":"5.0"},25.9]
["Área com cultura temporária","hectare",406,0.1,{"v":47.05,"d":"47.1"},{"v":1288.7,"d":"1,288.7"},{"v":19101.8,"d":"19,101.8"}]
["Área com pastagem","hectare",253,0.1,{"v":9.37,"d":"9.4"},{"v":172,"d":"172.0"},{"v":2370.3,"d":"2,370.3"}]
["Área com reflorestamento","hectare",62,0.1,{"v":5.79,"d":"5.8"},59.9,359.2]
["Área com vegetação natural","hectare",368,0.1,{"v":5.45,"d":"5.5"},90.6,{"v":2005.5,"d":"2,005.5"}]
["Área com vegetação de brejo e várzea","hectare",17,0.2,{"v":1.51,"d":"1.5"},4.2,25.7]
["Área em descanso","hectare",11,0.1,{"v":7.95,"d":"8.0"},{"v":56,"d":"56.0"},87.5]
["Área complementar","hectare",300,0.1,{"v":2.34,"d":"2.3"},135.2,702.9]
["Área das UPAs com (0, 1] ha","hectare",14,0.1,{"v":0.61,"d":"0.6"},{"v":1,"d":"1.0"},8.5]
["Área das UPAs com (1, 2] ha","hectare",21,1.1,{"v":1.63,"d":"1.6"},{"v":2,"d":"2.0"},34.3]
["Área das UPAs com (2, 5] ha","hectare",64,2.1,{"v":3.51,"d":"3.5"},{"v":5,"d":"5.0"},224.7]
["Área das UPAs com (5, 10] ha","hectare",83,5.3,{"v":7.51,"d":"7.5"},9.9,623.6]
["Área das UPAs com (10, 20] ha","hectare",120,10.5,14.5,19.9,{"v":1739.5,"d":"1,739.5"}]
["Área das UPAs com (20, 50] ha","hectare",127,20.2,31.6,49.4,{"v":4013.8,"d":"4,013.8"}]
["Área das UPAs com (50, 100] ha","hectare",62,50.6,{"v":72.48,"d":"72.5"},99.9,{"v":4493.6,"d":"4,493.6"}]
["Área das UPAs com (100, 200] ha","hectare",22,100.4,{"v":142.28,"d":"142.3"},{"v":200,"d":"200.0"},{"v":3130.1,"d":"3,130.1"}]
["Área das UPAs com (200, 500] ha","hectare",13,203.2,{"v":290.28,"d":"290.3"},441.4,{"v":3773.6,"d":"3,773.6"}]
["Área das UPAs com (500, 1.000] ha","hectare",6,513.4,{"v":660.03,"d":"660.0"},788.2,{"v":3960.2,"d":"3,960.2"}]
["Área das UPAs com (1.000, 2.000] ha","hectare",2,{"v":1241.4,"d":"1,241.4"},{"v":1338.45,"d":"1,338.5"},{"v":1435.5,"d":"1,435.5"},{"v":2676.9,"d":"2,676.9"}]
["Área das UPAs com (2.000, 5.000] ha","hectare","-","-","-","-","-"]
["Área das UPAs com (5.000, 10.000] ha","hectare","-","-","-","-","-"]
["Área das UPAs acima de 10.000 ha","hectare","-","-","-","-","-"]
["Familiares do proprietário que trabalham na UPA","unidade",283,{"v":1,"d":"1.0"},{"v":1.42,"d":"1.4"},{"v":8,"d":"8.0"},{"v":402,"d":"402.0"}]
["Trabalhadores permanentes","unidade",57,{"v":1,"d":"1.0"},{"v":7.89,"d":"7.9"},{"v":280,"d":"280.0"},{"v":450,"d":"450.0"}]
["Fonte: Secretaria de Agricultura e Abastecimento, CDRS/IEA, Projeto LUPA."]
[]
["TABELA 120.2 - Explorações Animais, Município de Capivari, Estado de São Paulo, 2007/08."]
["ITEM","UNIDADE","N.DE UPAs","MÍNIMO","MÉDIO","MÁXIMO","TOTAL"]
["Apicultura","colmeias",2,{"v":2,"d":"2.0"},{"v":5,"d":"5.0"},{"v":8,"d":"8.0"},{"v":10,"d":"10.0"}]
["Asininos E Muares","cabeças",12,{"v":1,"d":"1.0"},{"v":1.33,"d":"1.3"},{"v":2,"d":"2.0"},{"v":16,"d":"16.0"}]
["Avestruzes e Ema (Criadouro)","cabeças",1,{"v":40,"d":"40.0"},{"v":40,"d":"40.0"},{"v":40,"d":"40.0"},{"v":40,"d":"40.0"}]
["Avicultura de Corte","cabeças/ano",15,{"v":27000,"d":"27,000.0"},{"v":355466.67,"d":"355,466.7"},{"v":1000000,"d":"1,000,000.0"},{"v":5332000,"d":"5,332,000.0"}]
["Avicultura Ornamental/Decorativa/Exótica","cabeças",1,{"v":12,"d":"12.0"},{"v":12,"d":"12.0"},{"v":12,"d":"12.0"},{"v":12,"d":"12.0"}]
["Avicultura para Ovos","cabeças",5,{"v":5000,"d":"5,000.0"},{"v":27200,"d":"27,200.0"},{"v":72000,"d":"72,000.0"},{"v":136000,"d":"136,000.0"}]
["Bovinocultura de Corte","cabeças",49,{"v":6,"d":"6.0"},59.9,{"v":400,"d":"400.0"},{"v":2935,"d":"2,935.0"}]
["Bovinocultura Leiteira","cabeças",44,{"v":4,"d":"4.0"},{"v":27.34,"d":"27.3"},{"v":150,"d":"150.0"},{"v":1203,"d":"1,203.0"}]
["Bovinocultura Mista","cabeças",98,{"v":2,"d":"2.0"},{"v":19.85,"d":"19.9"},{"v":135,"d":"135.0"},{"v":1945,"d":"1,945.0"}]
["Bubalinocultura","cabeças",2,{"v":12,"d":"12.0"},{"v":17,"d":"17.0"},{"v":22,"d":"22.0"},{"v":34,"d":"34.0"}]
["Equinocultura","cabeças",86,{"v":1,"d":"1.0"},{"v":2.43,"d":"2.4"},{"v":15,"d":"15.0"},{"v":209,"d":"209.0"}]
["Minhocultura","canteiros",1,{"v":1,"d":"1.0"},{"v":1,"d":"1.0"},{"v":1,"d":"1.0"},{"v":1,"d":"1.0"}]
["Ovinocultura","cabeças",13,{"v":1,"d":"1.0"},{"v":27.69,"d":"27.7"},{"v":80,"d":"80.0"},{"v":360,"d":"360.0"}]
["Piscicultura","m² tanques",3,{"v":200,"d":"200.0"},{"v":1066.67,"d":"1,066.7"},{"v":2000,"d":"2,000.0"},{"v":3200,"d":"3,200.0"}]
["Ranicultura","girinos/ano",1,{"v":30,"d":"30.0"},{"v":30,"d":"30.0"},{"v":30,"d":"30.0"},{"v":30,"d":"30.0"}]
["Suinocultura","cabeças",8,{"v":1,"d":"1.0"},{"v":2458.25,"d":"2,458.3"},{"v":10000,"d":"10,000.0"},{"v":19666,"d":"19,666.0"}]
["Fonte: Secretaria de Agricultura e Abastecimento, CDRS/IEA, Projeto LUPA."]
[]
["TABELA 120.3 -  Máquinas, Implementos e Benfeitorias, Município de Capivari, Estado de São Paulo, 2007/08."]
["ITEM","UNIDADE","N.DE UPAs","MÍNIMO","MÉDIO","MÁXIMO","TOTAL"]
["Arado Comum (Bacia, Aiveca)","Unidade",13,{"v":1,"d":"1.0"},{"v":1.08,"d":"1.1"},{"v":2,"d":"2.0"},{"v":14,"d":"14.0"}]
["Arado Escarificador","Unidade",80,{"v":1,"d":"1.0"},{"v":1.51,"d":"1.5"},{"v":6,"d":"6.0"},{"v":121,"d":"121.0"}]
["Arado Subsolador","Unidade",78,{"v":1,"d":"1.0"},{"v":1.28,"d":"1.3"},{"v":8,"d":"8.0"},{"v":100,"d":"100.0"}]
["Carregadeira de Cana","Unidade",22,{"v":1,"d":"1.0"},{"v":1.55,"d":"1.6"},{"v":4,"d":"4.0"},{"v":34,"d":"34.0"}]
["Colhedeira Acoplada","Unidade",1,{"v":1,"d":"1.0"},{"v":1,"d":"1.0"},{"v":1,"d":"1.0"},{"v":1,"d":"1.0"}]
["Computador","Unidade",1,{"v":4,"d":"4.0"},{"v":4,"d":"4.0"},{"v":4,"d":"4.0"},{"v":4,"d":"4.0"}]
["Conj.Irrigação Autopropelido","Unidade",3,{"v":1,"d":"1.0"},{"v":2.67,"d":"2.7"},{"v":5,"d":"5.0"},{"v":8,"d":"8.0"}]
["Conj.Irrigação Convencional","Unidade",10,{"v":1,"d":"1.0"},1.4,{"v":2,"d":"2.0"},{"v":14,"d":"14.0"}]
["Conj.Irrigação Pivot Central","Unidade",2,{"v":1,"d":"1.0"},{"v":1,"d":"1.0"},{"v":1,"d":"1.0"},{"v":2,"d":"2.0"}]
["Conj.Irrigação/Gotejamento/Microaspersão","Unidade",2,{"v":1,"d":"1.0"},{"v":1,"d":"1.0"},{"v":1,"d":"1.0"},{"v":2,"d":"2.0"}]
["Desintegrador de Palha (Plantio Direto)","Unidade",1,{"v":1,"d":"1.0"},{"v":1,"d":"1.0"},{"v":1,"d":"1.0"},{"v":1,"d":"1.0"}]
["Desintegrador, Picador, Triturador","Unidade",145,{"v":1,"d":"1.0"},{"v":1.14,"d":"1.1"},{"v":5,"d":"5.0"},{"v":166,"d":"166.0"}]
["Distribuidor de Calcário","Unidade",46,{"v":1,"d":"1.0"},{"v":1.37,"d":"1.4"},{"v":6,"d":"6.0"},{"v":63,"d":"63.0"}]
["Ensiladeira","Unidade",7,{"v":1,"d":"1.0"},{"v":1,"d":"1.0"},{"v":1,"d":"1.0"},{"v":7,"d":"7.0"}]
["Grade Aradora (Tipo Romi)","Unidade",4,{"v":1,"d":"1.0"},{"v":1,"d":"1.0"},{"v":1,"d":"1.0"},{"v":4,"d":"4.0"}]
["Grade Niveladora","Unidade",29,{"v":1,"d":"1.0"},{"v":1.45,"d":"1.5"},{"v":6,"d":"6.0"},{"v":42,"d":"42.0"}]
["Máquina de Classificar Ovo","Unidade",1,{"v":1,"d":"1.0"},{"v":1,"d":"1.0"},{"v":1,"d":"1.0"},{"v":1,"d":"1.0"}]
["Microtrator","Unidade",4,{"v":1,"d":"1.0"},{"v":1,"d":"1.0"},{"v":1,"d":"1.0"},{"v":4,"d":"4.0"}]
["Misturador de Ração","Unidade",2,{"v":1,"d":"1.0"},{"v":1,"d":"1.0"},{"v":1,"d":"1.0"},{"v":2,"d":"2.0"}]
["Ordenhadeira Mecânica","Unidade",3,{"v":1,"d":"1.0"},{"v":1,"d":"1.0"},{"v":1,"d":"1.0"},{"v":3,"d":"3.0"}]
["Pulverizador Tratorizado","Unidade",25,{"v":1,"d":"1.0"},{"v":1.28,"d":"1.3"},{"v":6,"d":"6.0"},{"v":32,"d":"32.0"}]
["Resfriador de Leite, Tanque Expansão","Unidade",3,{"v":1,"d":"1.0"},{"v":1,"d":"1.0"},{"v":1,"d":"1.0"},{"v":3,"d":"3.0"}]
["Semeadeira/Adubadeira para Plantio Convencional","Unidade",5,{"v":1,"d":"1.0"},{"v":1,"d":"1.0"},{"v":1,"d":"1.0"},{"v":5,"d":"5.0"}]
["Semeadeira/Plantadeira Plantio Direto","Unidade",2,{"v":1,"d":"1.0"},{"v":1,"d":"1.0"},{"v":1,"d":"1.0"},{"v":2,"d":"2.0"}]
["Terraceador","Unidade",5,{"v":1,"d":"1.0"},1.2,{"v":2,"d":"2.0"},{"v":6,"d":"6.0"}]
["Trator de Esteiras","Unidade",1,{"v":2,"d":"2.0"},{"v":2,"d":"2.0"},{"v":2,"d":"2.0"},{"v":2,"d":"2.0"}]
["Trator de Pneus","Unidade",114,{"v":1,"d":"1.0"},{"v":1.88,"d":"1.9"},{"v":12,"d":"12.0"},{"v":214,"d":"214.0"}]
["Açude/Represa","Unidade",61,{"v":1,"d":"1.0"},{"v":1.43,"d":"1.4"},{"v":5,"d":"5.0"},{"v":87,"d":"87.0"}]
["Almoxarifado/Oficina","Unidade",9,{"v":1,"d":"1.0"},{"v":1.33,"d":"1.3"},{"v":2,"d":"2.0"},{"v":12,"d":"12.0"}]
["Armazém para Grãos Ensacados","Sacas",1,{"v":1,"d":"1.0"},{"v":1,"d":"1.0"},{"v":1,"d":"1.0"},{"v":1,"d":"1.0"}]
["Balança para Veículos","Unidade",2,{"v":1,"d":"1.0"},{"v":1,"d":"1.0"},{"v":1,"d":"1.0"},{"v":2,"d":"2.0"}]
["Barracão para Granja/Avicultura","Unidade",26,{"v":1,"d":"1.0"},{"v":2.65,"d":"2.7"},{"v":6,"d":"6.0"},{"v":69,"d":"69.0"}]
["Barracão/Galpão/Garagem","Unidade",210,{"v":1,"d":"1.0"},{"v":5.56,"d":"5.6"},{"v":801,"d":"801.0"},{"v":1167,"d":"1,167.0"}]
["Casa de Moradia Habitada","Unidade",246,{"v":1,"d":"1.0"},{"v":2.87,"d":"2.9"},{"v":85,"d":"85.0"},{"v":705,"d":"705.0"}]
["Casa de Moradia Total","Unidade",128,{"v":1,"d":"1.0"},{"v":8.59,"d":"8.6"},{"v":500,"d":"500.0"},{"v":1100,"d":"1,100.0"}]
["Curral/Mangueira","Unidade",105,{"v":1,"d":"1.0"},{"v":1.03,"d":"1.0"},{"v":2,"d":"2.0"},{"v":108,"d":"108.0"}]
["Depósito/Tulha","Unidade",41,{"v":1,"d":"1.0"},1.1,{"v":2,"d":"2.0"},{"v":45,"d":"45.0"}]
["Estábulo","Unidade",9,{"v":1,"d":"1.0"},{"v":1.11,"d":"1.1"},{"v":2,"d":"2.0"},{"v":10,"d":"10.0"}]
["Estufa/Plasticultura","m²",8,{"v":500,"d":"500.0"},{"v":1537.5,"d":"1,537.5"},{"v":2500,"d":"2,500.0"},{"v":12300,"d":"12,300.0"}]
["Fábrica de Ração","Unidade",4,{"v":1,"d":"1.0"},{"v":1.25,"d":"1.3"},{"v":2,"d":"2.0"},{"v":5,"d":"5.0"}]
["Instalações para Equinos","Unidade",11,{"v":1,"d":"1.0"},{"v":4,"d":"4.0"},{"v":20,"d":"20.0"},{"v":44,"d":"44.0"}]
["Olaria","Unidade",1,{"v":1,"d":"1.0"},{"v":1,"d":"1.0"},{"v":1,"d":"1.0"},{"v":1,"d":"1.0"}]
["Packing House","Unidade",1,{"v":1,"d":"1.0"},{"v":1,"d":"1.0"},{"v":1,"d":"1.0"},{"v":1,"d":"1.0"}]
["Pocilga","Unidade",8,{"v":1,"d":"1.0"},{"v":2.38,"d":"2.4"},{"v":10,"d":"10.0"},{"v":19,"d":"19.0"}]
["Poço Semi-Artesiano","Unidade",33,{"v":1,"d":"1.0"},{"v":1.06,"d":"1.1"},{"v":3,"d":"3.0"},{"v":35,"d":"35.0"}]
["Silo para Silagem","t",2,{"v":1,"d":"1.0"},250.5,{"v":500,"d":"500.0"},{"v":501,"d":"501.0"}]
["Terreiro","m²",1,{"v":1,"d":"1.0"},{"v":1,"d":"1.0"},{"v":1,"d":"1.0"},{"v":1,"d":"1.0"}]
["Usina de Açúcar/destilaria","Unidade",4,{"v":1,"d":"1.0"},{"v":1,"d":"1.0"},{"v":1,"d":"1.0"},{"v":4,"d":"4.0"}]
["Fonte: Secretaria de Agricultura e Abastecimento, CDRS/IEA, Projeto LUPA."]
[]
["TABELA 120.4 - Outras Estatísticas Agrícolas, Município de Capivari, Estado de São Paulo, 2007/08."]
["ITEM","Número de UPAs",null,"Percentual"]
["Faz Parte de Associação de Produtores",300,null,{"v":56.17977528089887,"d":"56.2"}]
["Faz Parte de Cooperativa de Produtores",311,null,{"v":58.239700374531836,"d":"58.2"}]
["Faz Parte do Sindicato de Produtores",283,null,{"v":52.99625468164794,"d":"53.0"}]
["Não utiliza assistência técnica ",287,null,{"v":53.745318352059925,"d":"53.7"}]
["Utiliza somente assistência técnica governamental ",32,null,{"v":5.992509363295881,"d":"6.0"}]
["Utiliza somente assistência técnica privada ",3,null,{"v":0.5617977528089888,"d":"0.6"}]
["Utiliza assistência técnica tanto governamental quanto privada",212,null,{"v":39.7003745318352,"d":"39.7"}]
["Utiliza Crédito Rural",92,null,{"v":17.228464419475653,"d":"17.2"}]
["Utiliza Seguro Rural",19,null,{"v":3.5580524344569286,"d":"3.6"}]
["Utiliza Escrituração Agrícola",59,null,{"v":11.04868913857678,"d":"11.0"}]
["Acessa Internet p/ Fins na Agropecuária",45,null,{"v":8.42696629213483,"d":"8.4"}]
["Utiliza Computador nas Atividades Agropecuárias",33,null,{"v":6.179775280898877,"d":"6.2"}]
["Utiliza Energia Elétrica Para Uso na Atividade Agrícola",405,null,{"v":75.84269662921348,"d":"75.8"}]
["Realiza Análise de Solo, quando necessário",142,null,{"v":26.59176029962547,"d":"26.6"}]
["Utiliza Práticas de Conservação de Solo, quando necessário",156,null,{"v":29.213483146067414,"d":"29.2"}]
["Faz Adubação Mineral, quando necessário",174,null,{"v":32.58426966292135,"d":"32.6"}]
["Faz Adubação Orgânica, quando necessário",65,null,{"v":12.172284644194756,"d":"12.2"}]
["Faz Adubação Verde, quando necessário",11,null,{"v":2.059925093632959,"d":"2.1"}]
["Utiliza Manejo Integrado de Pragas (MIP)","-",null,"-"]
["Utiliza Hidroponia","-",null,"-"]
["Utiliza Plasticultura",9,null,{"v":1.6853932584269662,"d":"1.7"}]
["Utiliza Mudas Fiscalizadas",31,null,{"v":5.805243445692884,"d":"5.8"}]
["Utiliza Semente Melhorada",49,null,{"v":9.176029962546817,"d":"9.2"}]
["Faz Confinamento de Bovinos",7,null,{"v":1.3108614232209739,"d":"1.3"}]
["Utiliza Pastejo Intensivo",17,null,{"v":3.183520599250936,"d":"3.2"}]
["Faz Inseminação Artificial",4,null,{"v":0.7490636704119851,"d":"0.7"}]
["Faz Mineralização do Rebanho",116,null,{"v":21.722846441947564,"d":"21.7"}]
["Faz Vermifugação do Rebanho",132,null,{"v":24.719101123595504,"d":"24.7"}]
["Possui Parceiros /Arrendatários na Exploração Animal",20,null,{"v":3.7453183520599254,"d":"3.7"}]
["Esporte e lazer",1,null,{"v":0.18726591760299627,"d":"0.2"}]
["Extração mineral",1,null,{"v":0.18726591760299627,"d":"0.2"}]
["Hotel Fazenda, Pousada ou SPA","-",null,"-"]
["Pesque-pague",1,null,{"v":0.18726591760299627,"d":"0.2"}]
["Restaurante ou Lanchonete",4,null,{"v":0.7490636704119851,"d":"0.7"}]
["Transformação artesanal","-",null,"-"]
["Turismo rural ou ecoturismo",3,null,{"v":0.5617977528089888,"d":"0.6"}]
["Outras atividades econômicas rurais",1,null,{"v":0.18726591760299627,"d":"0.2"}]
["Agroindústria",4,null,{"v":0.7490636704119851,"d":"0.7"}]
["Proprietário sem instrução ou com instrução incompleta",9,null,{"v":1.6853932584269662,"d":"1.7"}]
["Proprietário com antigo primário completo",83,null,{"v":15.543071161048688,"d":"15.5"}]
["Proprietário com 1° grau (ou antigo ginasial) completo",152,null,{"v":28.464419475655433,"d":"28.5"}]
["Proprietário com 2° grau (ou antigo colegial) completo",115,null,{"v":21.535580524344567,"d":"21.5"}]
["Proprietário com curso superior completo ",79,null,{"v":14.794007490636705,"d":"14.8"}]
["Pessoa Jurídica",96,null,{"v":17.97752808988764,"d":"18.0"}]
["Proprietário residente na própria UPA ",120,null,{"v":22.471910112359552,"d":"22.5"}]
["Fonte: Secretaria de Agricultura e Abastecimento, CDRS/IEA, Projeto LUPA."]
[]
["TABELA 120.5 - Área Cultivada, Município de Capivari, Estado de São Paulo, 2007/08."]
["CULTURA","N.DE UPAs","MÍNIMO","MÉDIO","MÁXIMO","TOTAL"]
["Cana-de-acucar",395,0.2,{"v":48.31,"d":"48.3"},{"v":1288.7,"d":"1,288.7"},{"v":19084.4,"d":"19,084.4"}]
["Braquiaria",249,0.1,9.2,{"v":172,"d":"172.0"},{"v":2290.8,"d":"2,290.8"}]
["Eucalipto",58,0.1,{"v":5.92,"d":"5.9"},59.9,343.3]
["Gramas",2,8.6,{"v":18.55,"d":"18.6"},28.5,37.1]
["Outras leguminosas para pastagem",3,1.2,{"v":9,"d":"9.0"},23.8,{"v":27,"d":"27.0"}]
["Milho",4,1.5,{"v":5.53,"d":"5.5"},12.1,22.1]
["Pimentao",4,0.1,5.1,{"v":20,"d":"20.0"},20.4]
["Coloniao",1,{"v":15,"d":"15.0"},{"v":15,"d":"15.0"},{"v":15,"d":"15.0"},{"v":15,"d":"15.0"}]
["Berinjela",2,{"v":2,"d":"2.0"},{"v":7.05,"d":"7.1"},12.1,14.1]
["Outras florestais",2,0.8,6.4,{"v":12,"d":"12.0"},12.8]
["Pomar domestico",13,0.2,{"v":0.95,"d":"1.0"},{"v":5,"d":"5.0"},12.4]
["Brocolos (ou brocolis)",3,0.1,{"v":3.43,"d":"3.4"},{"v":10,"d":"10.0"},10.3]
["Laranja",15,0.1,{"v":0.52,"d":"0.5"},1.2,7.8]
["Sorgo",1,3.6,3.6,3.6,3.6]
["Viveiro de florestais",2,{"v":1,"d":"1.0"},{"v":1.55,"d":"1.6"},2.1,3.1]
["Horta domestica",1,{"v":3,"d":"3.0"},{"v":3,"d":"3.0"},{"v":3,"d":"3.0"},{"v":3,"d":"3.0"}]
["Mandioca",5,0.2,{"v":0.54,"d":"0.5"},{"v":1,"d":"1.0"},2.7]
["Outras frutiferas",2,0.9,{"v":0.95,"d":"1.0"},{"v":1,"d":"1.0"},1.9]
["Banana",4,0.2,{"v":0.48,"d":"0.5"},{"v":1,"d":"1.0"},1.9]
["Alface",4,0.2,{"v":0.33,"d":"0.3"},0.4,1.3]
["Abobora (ou jerimum)",1,{"v":1,"d":"1.0"},{"v":1,"d":"1.0"},{"v":1,"d":"1.0"},{"v":1,"d":"1.0"}]
["Limao",1,{"v":1,"d":"1.0"},{"v":1,"d":"1.0"},{"v":1,"d":"1.0"},{"v":1,"d":"1.0"}]
["Cebolinha",2,0.1,{"v":0.25,"d":"0.3"},0.4,0.5]
["Goiaba",1,0.5,0.5,0.5,0.5]
["Quiabo",1,0.5,0.5,0.5,0.5]
["Chicoria (ou chicoria-de-folha-crespa)",2,0.1,0.2,0.3,0.4]
["Pepino",2,0.1,0.2,0.3,0.4]
["Outras olericolas",1,0.4,0.4,0.4,0.4]
["Capim-napier (ou capim-elefante)",2,0.1,0.2,0.3,0.4]
["Bucha",1,0.3,0.3,0.3,0.3]
["Manga",2,0.1,{"v":0.15,"d":"0.2"},0.2,0.3]
["Couve-flor",1,0.1,0.1,0.1,0.1]
["Floricultura para vaso",1,0.1,0.1,0.1,0.1]
["Tomate envarado",1,0.1,0.1,0.1,0.1]
["Cenoura",1,0.1,0.1,0.1,0.1]
["Beterraba",1,0.1,0.1,0.1,0.1]
["Fonte: Secretaria de Agricultura e Abastecimento, CDRS/IEA, Projeto LUPA."]